书目信息 |
| 题名: |
澳门政治发展史
|
|
| 作者: | 吴志良 著 | |
| 分册: | ||
| 出版信息: | 上海 上海社科出版社 1999 |
|
| 页数: | 397页 | |
| 开本: | 21cm | |
| 丛书名: | 学者书库·史丛 | |
| 单 册: | ||
| 中图分类: | D676.59 | |
| 科图分类: | ||
| 主题词: | 政治制度--zheng zhi zhi du--历史--澳门 | |
| 电子资源: | ||
| ISBN: | 7-80618-574-7 | |
| 000 | 00781nam0 2200253 45 | |
| 001 | CAL 012000620661 | |
| 005 | 20031219104054.1 | |
| 010 | @a7-80618-574-7@b精装@dCNY30.00 | |
| 100 | @a19990812d1999 ekmy0chiy0121 ea | |
| 101 | 0 | @achi |
| 102 | @aCN@b310000 | |
| 105 | @aak a 001yy | |
| 106 | @ar | |
| 200 | 1 | @a澳门政治发展史@Aao men zheng zhi fa zhan shi@f吴志良著 |
| 210 | @a上海@c上海社科出版社@d1999 | |
| 215 | @a397页@c图@d21cm | |
| 225 | 2 | @a学者书库·史丛@Axue zhe shu ku shi cong |
| 320 | @a有书目:第370-389页,有索引:第390-397页 | |
| 410 | 0 | @12001 @a学者书库·史丛 |
| 606 | @a政治制度@Azheng zhi zhi du@x历史@y澳门 | |
| 690 | @aD676.59@v4 | |
| 701 | 0 | @a吴志良@Awu zhi liang,@f1964-@4著 |
| 801 | @aCN@bTSTC@c20020408 | |
| 905 | @b307647-648@dD676.59@e41@f2 | |
| 澳门政治发展史/吴志良著.-上海:上海社科出版社,1999 |
| 397页:图;21cm.-(学者书库·史丛) |
| ISBN 7-80618-574-7(精装):CNY30.00 |
| ● |
| 相关链接 |
|
|
|
|
正题名:澳门政治发展史
索取号:D676.59/41
 
预约/预借
| 序号 | 登录号 | 条形码 | 馆藏地/架位号 | 状态 | 备注 |
| 1 | 0307647 | 203076474 | 第一借阅区/ [索取号:D676.59/41] | 在馆 | |
| 2 | 0307648 | 203076483 | 第一样本阅览室/ [索取号:D676.59/41] | 在馆 |